|
|
|
|
| LEADER |
00000nam a2200000Ia 4500 |
| 001 |
183 |
| 003 |
NUMERAZIONE-ORIGINALE-BRESCIA |
| 005 |
20260206230749.0 |
| 008 |
260206s9999 xx 000 0 und d |
| 100 |
|
|
|a Golinelli Alessandro
|
| 245 |
|
0 |
|a Angeli
|
| 260 |
|
|
|a Milano
|
| 260 |
|
|
|b ES
|
| 260 |
|
|
|c 1996
|
| 500 |
|
|
|a Piccola biblioteca dell'eros
|
| 942 |
|
|
|2 ddc
|c BK
|n 0
|
| 952 |
|
|
|0 0
|1 0
|2 ddc
|4 0
|6 23
|7 0
|9 28380
|a BS
|b BS
|d 2026-02-06
|i 183-2
|l 0
|o 2-3-*
|r 2026-02-06 22:40:33
|w 2026-02-06
|x [REVISIONARE]
|y BK
|
| 952 |
|
|
|0 0
|1 0
|2 ddc
|4 0
|6 23
|7 0
|9 28381
|a BS
|b BS
|d 2026-02-06
|i 183-1
|l 0
|o 2-3-*
|r 2026-02-06 22:40:33
|w 2026-02-06
|x [REVISIONARE]
|y BK
|
| 999 |
|
|
|c 24064
|d 24064
|